Greek and Roman pottery lamps

Αποθηκεύτηκε σε:
Λεπτομέρειες βιβλιογραφικής εγγραφής
Κύριος συγγραφέας: Bailey, Donald M.
Μορφή: Βιβλίο
Γλώσσα:English
Δημοσίευση: England : The Trustees of the British Museum, c1972
Θέματα:
Ετικέτες: Προσθήκη ετικέτας
Δεν υπάρχουν, Καταχωρήστε ετικέτα πρώτοι!

MARC

LEADER 00000cam a2200000 i 4500
001 1/45408
008 961114s1972 eng d
020 |a 0-7141-1237-2 
035 |l 10026140 
040 |a GR-MY-UA  |b gre  |e aacr 
041 0 |a eng 
082 0 |a 738.09495 
100 1 |a Bailey, Donald M. 
245 1 0 |a Greek and Roman pottery lamps /  |c Donald M. Bailey 
260 |a England :   |b The Trustees of the British Museum,   |c c1972 
300 |a 32 p. 
500 |a Include plates 
650 0 0 |a Art pottery  |z Greece. 
852 |a INST  |b CHIOS  |e 19961114  |h 738.09495 BAI  |p 005200010954  |q 005200010954  |t BK  |y 0 
909 |a Χ  |b 047892